000 01158cam a2200325 i 4500
001 16198
003 DO-SdUEMH
005 20260129204505.0
007 ta
008 211105s2015 dr a|||gr|||| 000 0 spa|d
020 _a9789945443622 (serie)
020 _a9789945582284 (v. 217)
040 _aDO-SdUEMH
_bspa
_erda
041 _aspa
082 1 4 _mRD
_aRD330.97293
_bN964l
084 _b17-00011
110 _aRepública Dominicana : Banco Central
245 1 0 _aNueva literatura económica dominicana : premios del Concurso de Economía Biblioteca "Juan Pablo Duarte" 2014 /
_cedición al cuidado de José Alcántara Almánzar, Elvis Francis Soto.
260 _c2015
264 0 1 _aSanto Domingo :
_bBanco Central de la República Dominicana,
_c2015
300 _axx 340 paginas :
_bilustraciones ;
_c23 cm.
336 _2rdacontent
_atexto
_btxt
337 _2rdamedia
_asin mediación
_bn
338 _2rdacarrier
_avolumen
_bnc
490 _aColección del Banco Central de la República Dominicana ;
_v217
490 _aNueva Literatura Económica ;
_v18
504 _aBibliografías al final de las partes
942 _2ddc
_cBK
_n0
999 _c16198
_d16198